000 00675cam a22002411 4500
001 sa 63003827
003 DLC
005 20260227111944.0
008 790221s1963 ii a 000 0 eng
010 _asa 63003827
035 _a(OCoLC)4677454
040 _aDLC
_cNGenoU
_dDLC
042 _apremarc
043 _aa-ii---
050 0 0 _aHC435
_b.J47
100 1 _aJha, Shiva Chandra,
_d1929-
245 1 0 _aStudies in the development of capitalism in India.
250 _a[1st ed.]
260 _aCalcutta,
_bFirma K. L. Mukhopadhyay,
_c1963.
300 _aix, 415 p.
_btables.
_c23 cm.
504 _aBibliography: p. [364]-399.
651 0 _aIndia
_xEconomic conditions.
999 _c55319
_d55319